Missiology. (Record no. 9893)

MARC details
000 -LEADER
fixed length control field 02705cas a2200553 4500
001 - CONTROL NUMBER
control field 11171742
003 - CONTROL NUMBER IDENTIFIER
control field AUA.1
005 - DATE AND TIME OF LATEST TRANSACTION
control field 20130507165649.0
007 - PHYSICAL DESCRIPTION FIXED FIELD--GENERAL INFORMATION
fixed length control field t|
008 - FIXED-LENGTH DATA ELEMENTS--GENERAL INFORMATION
fixed length control field 731115c19739999kyuqr p 0 a0eng
010 ## - LIBRARY OF CONGRESS CONTROL NUMBER
LC control number 73644873
016 7# - NATIONAL BIBLIOGRAPHIC AGENCY CONTROL NUMBER
Record control number 011764969
Source Uk
022 ## - INTERNATIONAL STANDARD SERIAL NUMBER
International Standard Serial Number 0091-8296
Source 1
035 ## - SYSTEM CONTROL NUMBER
System control number (OCoLC)ocm01787681
037 ## - SOURCE OF ACQUISITION
Source of stock number/acquisition Lorraine Pellon, Business Manager, P.O. Box 1041, New Canaan, Conn., 06840
040 ## - CATALOGING SOURCE
Original cataloging agency DLC
Language of cataloging eng
Transcribing agency DLC
Modifying agency OCoLC
-- NSDP
-- NST
-- AIP
-- NSDP
-- NST
-- MH
-- OCoLC
-- DLC
-- OCoLC
-- ATLA
-- OCoLC
-- CaQQL
-- ZP2
-- OCoLC
-- UKMGB
-- UkLSOA
-- OCoLC
-- DLC
042 ## - AUTHENTICATION CODE
Authentication code pcc
-- nsdp
050 00 - LIBRARY OF CONGRESS CALL NUMBER
Classification number BV2000
Item number .M55
082 04 - DEWEY DECIMAL CLASSIFICATION NUMBER
Classification number 266/.007
210 0# - ABBREVIATED TITLE
Abbreviated title Missiology
222 #0 - KEY TITLE
Key title Missiology: An International Review
245 00 - TITLE STATEMENT
Title Missiology.
260 ## - PUBLICATION, DISTRIBUTION, ETC. (IMPRINT)
Place of publication, distribution, etc [Wilmore, Ky, etc.,
Name of publisher, distributor, etc American Society of Missiology]
Date of publication, distribution, etc 2008
300 ## - PHYSICAL DESCRIPTION
Extent v.
Other physical details ill.
Dimensions 23 cm.
310 ## - CURRENT PUBLICATION FREQUENCY
Current publication frequency Quarterly
362 0# - DATES OF PUBLICATION AND/OR SEQUENTIAL DESIGNATION
Dates of publication and/or sequential designation Jan 2008
440 ## - SERIES STATEMENT/ADDED ENTRY--TITLE
Title Missiology.
Volume number/sequential designation Vol.36, No.1
International Standard Serial Number 0091-8296
9 (RLIN) 34827
500 ## - GENERAL NOTE
General note "An international review."
500 ## - GENERAL NOTE
General note Vols. for <Jan. 2013- > published for the American Society of Missiology by Sage Publications.
500 ## - GENERAL NOTE
General note Articles:<br/>Integral training today for cross-cultural mission;<br/>Training the trainers: a Latin America case study;<br/>A holistic view of the missioning process;<br/>They see everything, and understand nothing: short-term mission and service learning;<br/>Global and personal reflections on training/equipping for cross-cultural ministry today;<br/>Multiplying Jesus mentors: designing a reproducible system, a case study;<br/>Training cross-cultural missionaries from the Asian context: lessons learned from the global missionary training center;<br/>
530 ## - ADDITIONAL PHYSICAL FORM AVAILABLE NOTE
Additional physical form available note Also issued in online ed.
590 ## - LOCAL NOTE (RLIN)
Local note SERBIB/SERLOC merged record
610 24 - SUBJECT ADDED ENTRY--CORPORATE NAME
Corporate name or jurisdiction name as entry element American Society of Missiology.
Form subdivision Periodicals.
9 (RLIN) 34828
650 #0 - SUBJECT ADDED ENTRY--TOPICAL TERM
Topical term or geographic name as entry element Missions
Form subdivision Periodicals.
9 (RLIN) 34829
650 #6 - SUBJECT ADDED ENTRY--TOPICAL TERM
Topical term or geographic name as entry element Missiologie
Form subdivision Périodiques.
9 (RLIN) 34830
650 #6 - SUBJECT ADDED ENTRY--TOPICAL TERM
Topical term or geographic name as entry element Missions
Form subdivision Périodiques.
9 (RLIN) 34831
700 ## - ADDED ENTRY--PERSONAL NAME
Personal name J. Nelson Jennings
Relator term Editor
9 (RLIN) 34832
710 2# - ADDED ENTRY--CORPORATE NAME
Corporate name or jurisdiction name as entry element American Society of Missiology.
9 (RLIN) 34833
776 1# - ADDITIONAL PHYSICAL FORM ENTRY
Title Missiology (Online)
Record control number (DLC) 2004221990
-- (OCoLC)57346936
776 08 - ADDITIONAL PHYSICAL FORM ENTRY
Display text Online version:
Title Missiology
Record control number (OCoLC)759933613
780 02 - PRECEDING ENTRY
Title Practical anthropology
International Standard Serial Number 0032-633X
Record control number (DLC) 63038045
-- (OCoLC)1762756
906 ## - LOCAL DATA ELEMENT F, LDF (RLIN)
a 7
b cbc
c serials
d 3
e ncip
f 19
g n-oclcserc
942 ## - ADDED ENTRY ELEMENTS (KOHA)
Source of classification or shelving scheme Library of Congress Classification
Koha item type Periodical
Classification part BV2000
Item part .M55 2008
Holdings
Withdrawn status Lost status Source of classification or shelving scheme Damaged status Not for loan Collection code Home library Current library Shelving location Date acquired Total Checkouts Full call number Date last seen Price effective from Koha item type
    Library of Congress Classification     Periodicals Stacks Judith Thomas Library Judith Thomas Library Periodicals 07/05/2013   BV2000 .M55 2008 07/05/2013 07/05/2013 Periodical